| Поле | Инд. | ПП | Название | Значение |
|---|---|---|---|---|
| Тип записи | a | |||
| Библиографический уровень | b | |||
| 001 | Контрольный номер | RU/IS/BASE/164210110 | ||
| 005 | Дата корректировки | 20201126152800.2 | ||
| 008 | Кодируемые данные | 20050315 | ||
| 084 | a | Индекс другой классификации/Индекс ББК | 88.61-99; 88.945 | |
| 100 | 1_ | a | Автор | Зауторова Э. В. |
| 245 | 10 | a | Заглавие | Роль искусства и арттерапии в профилактике и коррекции девиантного поведения подростков |
| 504 | a | Библиография | Лит. в конце статьи | |
| 650 | 04 | a | Основная рубрика | педагогическая психология |
| a | Основная рубрика | практическая психология (прикладная психология) | ||
| a | Основная рубрика | психотерапия | ||
| a | Основная рубрика | психология | ||
| 653 | 0_ | a | Ключевые слова | арт-педагогика |
| a | Ключевые слова | арт-терапия | ||
| a | Ключевые слова | девиантное поведение | ||
| a | Ключевые слова | детская психология | ||
| a | Ключевые слова | искусство | ||
| a | Ключевые слова | коррекционно-реабилитационная работа | ||
| a | Ключевые слова | коррекция поведения | ||
| a | Ключевые слова | подростки | ||
| a | Ключевые слова | профилактика девиаций | ||
| a | Ключевые слова | психологическая поддержка | ||
| a | Ключевые слова | психологические методы | ||
| a | Ключевые слова | психология воспитания | ||
| a | Ключевые слова | психосоциальная коррекция | ||
| a | Ключевые слова | психотерапевтические методы | ||
| a | Ключевые слова | социализация | ||
| a | Ключевые слова | социальная адаптация | ||
| 773 | 18 | t | Заглавие источника | Вестник психосоциальной и коррекционно-реабилитационной работы |
| d | Дата издания источника | 2005 | ||
| g | Прочая информация | № 1. - С. 56 - 61 | ||
| w | Контрольный № источника | RU/IS/BASE/163695030 | ||
| 901 | t | Тип документа | b |